书目信息 |
| 题名: |
安全型社区
|
|
| 作者: | 韩子荣 , 连玉明 主编 | |
| 分册: | ||
| 出版信息: | 北京 中国时代经济出版社 2005.02 |
|
| 页数: | 150页 | |
| 开本: | 28cm | |
| 丛书名: | 经典插图版中国社区发展模式 | |
| 单 册: | ||
| 中图分类: | D631.41 | |
| 科图分类: | ||
| 主题词: | 社区--治安管理--研究--中国 , 社区 , 治安管理 | |
| 电子资源: | ||
| ISBN: | 7-80169-723-5 | |
| 000 | 00989oam2 2200289 450 | |
| 001 | 002950636 | |
| 005 | 20080611152414.15 | |
| 010 | @a7-80169-723-5@dCNY30.00 | |
| 100 | @a20050616d2005 em y0chiy0110 ea | |
| 101 | 0 | @achi |
| 102 | @aCN@b110000 | |
| 105 | @aa z 000yy | |
| 200 | 1 | @a安全型社区@AAn Quan Xing She Qu@f韩子荣,连玉明主编@FHan Zi Rong, Lian Yu Ming Zhu Bian |
| 210 | @a北京@c中国时代经济出版社@d2005.02 | |
| 215 | @a150页@c照片,图@d28cm | |
| 225 | 2 | @a经典插图版中国社区发展模式 |
| 330 | @a本书包括安全型社区的基本概念、安全型社区的创建模式及安全型社区在北京朝阳的创建实践三个部分。书中还使用了朝阳区发展历程中的照片、图表和专栏。 | |
| 410 | 0 | @12001 @a经典插图版中国社区发展模式 |
| 606 | 0 | @a社区@x治安管理@x研究@y中国 |
| 606 | 0 | @a社区 |
| 606 | 0 | @a治安管理 |
| 690 | @aD631.41@v4 | |
| 701 | 0 | @a韩子荣@AHan Zi Rong@4主编 |
| 701 | 0 | @a连玉明@ALian Yu Ming@4主编 |
| 801 | 0 | @aCN@bNLC@c20080611 |
| 905 | @aBZT@dD631.41@e1 | |
| 906 | @dCNY30.00@n0@r1 | |
| 安全型社区/韩子荣,连玉明主编.-北京:中国时代经济出版社,2005.02 |
| 150页:照片,图;28cm.-(经典插图版中国社区发展模式) |
| ISBN 7-80169-723-5:CNY30.00 |
| 本书包括安全型社区的基本概念、安全型社区的创建模式及安全型社区在北京朝阳的创建实践三个部分。书中还使用了朝阳区发展历程中的照片、图表和专栏。 |
| ● |
| 相关链接 |
|
|
|
正题名:安全型社区
索取号:D631.41/1
 
预约/预借
| 序号 | 登录号 | 条形码 | 馆藏地/架位号 | 状态 | 备注 |
| 1 | 538444 | 230124277 | 中心书库南/011架B面5层1列/ [索取号:D631.41/1] | 在馆 | |
| 2 | 538445 | 230124276 | 中心书库南/011架B面5层1列/ [索取号:D631.41/1] | 在馆 | |
| 3 | 538446 | 230124269 | 中心书库南/011架B面5层1列/ [索取号:D631.41/1] | 在馆 | |
| 4 | 538447 | 230124270 | 中心书库南/011架B面5层1列/ [索取号:D631.41/1] | 在馆 | |
| 5 | 538448 | 230124271 | 中心书库南/011架B面5层1列/ [索取号:D631.41/1] | 在馆 | |
| 6 | 538449 | 230124272 | 中心书库南/011架B面5层1列/ [索取号:D631.41/1] | 在馆 | |
| 7 | 538450 | 230124273 | 中心书库南/011架B面5层1列/ [索取号:D631.41/1] | 在馆 | |
| 8 | 538451 | 230124274 | 中心书库南/011架B面5层1列/ [索取号:D631.41/1] | 在馆 | |
| 9 | 538452 | 230124275 | 中心书库南/011架B面5层1列/ [索取号:D631.41/1] | 在馆 | |
| 10 | 538453 | 230124268 | 中心书库南/011架B面5层1列/ [索取号:D631.41/1] | 在馆 | |
| 11 | 676107 | 2000676107 | 中心书库南/011架B面5层1列/ [索取号:D631.41/1] | 在馆 | |
| 12 | 676108 | 2000676108 | 中心书库南/011架B面5层1列/ [索取号:D631.41/1] | 在馆 | |
| 13 | 676109 | 2000676109 | 中心书库南/011架B面5层1列/ [索取号:D631.41/1] | 在馆 | |
| 14 | 676110 | 2000676110 | 中心书库南/011架B面5层1列/ [索取号:D631.41/1] | 在馆 | |
| 15 | 676111 | 2000676111 | 中心书库南/011架B面5层1列/ [索取号:D631.41/1] | 在馆 | |
| 16 | 676112 | 2000676112 | 中心书库南/011架B面5层1列/ [索取号:D631.41/1] | 在馆 | |
| 17 | 676113 | 2000676113 | 中心书库南/011架B面5层1列/ [索取号:D631.41/1] | 在馆 | |
| 18 | 676114 | 2000676114 | 中心书库南/011架B面5层1列/ [索取号:D631.41/1] | 在馆 | |
| 19 | 676115 | 2000676115 | 中心书库南/011架B面5层1列/ [索取号:D631.41/1] | 在馆 | |
| 20 | 676116 | 2000676116 | 中心书库南/011架B面5层1列/ [索取号:D631.41/1] | 在馆 |